00757cam a2200217 a 450000100100000000500170001000800410002704000300006808200230009810000390012124500610016025000220022126000490024330000190029249000660031165000240037765000210040165000230042265000260044583000680047100001803420200929165328.0760424s1968 sp 000 0 spa d aDO-SdBNPbspacDLCdBNPHU a861.6bB646f, 19681 aBlecua, José Manuel,d1913-2003.10aFloresta de lírica española /cJosé Manuel Blecua. a2a ed. corr. aum. aMadrid, España :bEditorial Gredos,c1968. a2 v. ;c20 cm.1 aBiblioteca románica hispánicaaAntología hispánicav6 4aPoesía española 4aPoesía gallega 4aPoesía catalán 4aLiteratura española 0aBiblioteca románica hispánica ;pAntología hispánicav6